| 000 | 00512nam a2200169 a 4500 | ||
|---|---|---|---|
| 005 | 20140310183603.0 | ||
| 008 | 120720s19uu xx 00 eng d | ||
| 020 | _a9789814275279 | ||
| 050 |
_aLB 1585.5 _b.P952 2010 |
||
| 245 |
_aPrimary 5/6 science : _btheme: interaction / _cconsulting editor. |
||
| 260 |
_a[s.l.] : _bOutreach Edusys, _c2010. |
||
| 300 |
_a154 p. : _bill. ; _c25 cm. |
||
| 500 | _a+ 1 CDROM | ||
| 650 |
_aScience _xStudy and teaching (Elementary) |
||
| 942 |
_cBK _2lcc _kFOR |
||
| 999 |
_c25130 _d25130 |
||